Expression of CD26 and DPP IV in T-acute lymphoblastic leukemia: Comparison of immunocytochemistry with enzyme cytochemistry

Bibliographic Details
Main Authors: Klobušická, Margita, 1939- (Author), Babušíková, Oľga, 1940-2011 (Author)
Format: Article
Language:Slovak
English
PhysicalDescription:Tab.
ISSN:0028-2685
Subjects:

MARC

LEADER 00000nab a2200000 a 4500
001 vtls000804182
003 SK-MaSNL
005 20260304124540.0
008 250429c1999 xo 0 slo
015 |a SNBRB2002/09-26926 
035 |a CLN000155837 
035 |a urn:nbn:sk:snk-ab6z1c 
035 |a (uuid)17899b2c-4dee-4480-b3f4-0bb2ad99093f 
035 |a (urnnbn)urn:nbn:sk:snk:ar-a06byi 
035 |a (sysno)vtls000804182 
040 |a SNKBUCL  |b slo  |c SNKBUCL  |e AACR2 
041 0 |a eng 
044 |a xo  |c SK 
080 |a 616-006.446.2:616-097  |2 1997 
100 1 |a Klobušická, Margita,  |d 1939-  |4 aut  |9 5747 
245 1 0 |a Expression of CD26 and DPP IV in T-acute lymphoblastic leukemia: Comparison of immunocytochemistry with enzyme cytochemistry  |c M. Klobušická, O. Babušíková 
300 |b Tab. 
500 |a Grant No. 2/5/20/1998 from the Slovak Grant Agency 
504 |a Res. angl. 
504 |a Bibliogr. odkazy 
650 0 7 |a akútna lymfoblastová leukémia  |2 snkbucl  |9 215140 
650 0 7 |a antigény CD  |2 snkbucl  |9 1435744 
650 0 7 |a imunochémia  |2 snkbucl  |9 19506 
650 0 7 |a techniky imunoenzýmové  |2 snkbucl  |9 1245948 
650 0 7 |a dipeptidylpeptidázy  |2 snkbucl  |9 1435745 
650 0 7 |a imunofenotypizácia  |2 snkbucl  |9 1275647 
655 7 |a články z novín a časopisov  |2 snkbucl  |9 267496 
700 1 |a Babušíková, Oľga,  |d 1940-2011  |4 aut  |9 39801 
773 0 |t Neoplasma  |g Roč. 46, č. 5 (1999), s. 299-303  |x 0028-2685 
850 |a Slovenská národná knižnica 
852 |a Slovenská národná knižnica 
958 |a article27 
958 |a NB 
958 |a MI 
958 |a OND 
958 |a EUIPO 
992 |a RBX 
999 |c 2891621  |d 2893551